[Event "Olympiad Women-45"]
[White "Rawan, Eyhab"]
[Black "Pieter, Liana"]
[Site "Budapest"]
[Round "9.4"]
[Result "1-0"]
[Date "2024.09.20"]
[WhiteElo "1717"]
[BlackElo "1619"]
[PlyCount "101"]
[EventDate "2024.09.11"]
[EventType "team-swiss"]
[EventRounds "11"]
[EventCountry "HUN"]
[SourceTitle "EXT 2025"]
[Source "ChessBase"]
[SourceDate "2024.10.14"]
[SourceVersion "1"]
[SourceVersionDate "2024.10.14"]
[SourceQuality "1"]
[WhiteTeam "Sudan (W)"]
[BlackTeam "Netherlands Antilles (W)"]
[WhiteTeamCountry "SUD"]
[BlackTeamCountry "AHO"]

1. d4 d5 2. Bf4 Bf5 3. e3 e6 4. c3 Nf6 5. Nf3 Bd6 6. Bg3 Nc6 7. Bd3 Bg6 8. Qc2 Bxd3 9. Qxd3 Ne4 10. Nbd2 f5 11. Bxd6 Qxd6 12. h3 a6 13. 0-0-0 0-0-0 14. Rdf1 h5 15. Rhg1 h4 16. Qc2 Qe7 17. Nxe4 fxe4 18. Nh2 e5 19. Ng4 exd4 20. exd4 Rde8 21. Re1 Qg5+ 22. Kb1 Rhf8 23. Re2 Re7 24. Rge1 Rfe8 25. Qc1 Qf5 26. Qc2 Qf4 27. Qd2 g5 28. Re3 b5 29. Qc2 Kd8 30. Qb3 Qd6 31. a4 Na5 32. Qa2 bxa4 33. Qxa4 Nc4 34. R3e2 Re6 35. b3 Qb6 36. Kc2 Na5 37. Ra1 Nb7 38. Ne5 R8e7 39. Kc1 c5 40. Rea2 cxd4 41. cxd4 Rc7+ 42. Rc2 Rxc2+ 43. Kxc2 Rxe5 44. dxe5 Qxf2+ 45. Kc3 Qe3+ 46. Kb2 Qf2+ 47. Ka3 Qc5+ 48. Qb4 Qa5+ 49. Qxa5+ Nxa5 50. Kb4 Nc6+ 51. Kc5 1-0

[Event "Olympiad Women-45"]
[White "Pieter, Liana"]
[Black "Saraci, Ndriqona"]
[Site "Budapest"]
[Round "4.68"]
[Result "1/2-1/2"]
[Date "2024.09.14"]
[WhiteElo "1619"]
[BlackElo "1656"]
[PlyCount "61"]
[EventDate "2024.09.11"]
[EventType "team-swiss"]
[EventRounds "11"]
[EventCountry "HUN"]
[SourceTitle "EXT 2025"]
[Source "ChessBase"]
[SourceDate "2024.10.14"]
[SourceVersion "1"]
[SourceVersionDate "2024.10.14"]
[SourceQuality "1"]
[WhiteTeam "Netherlands Antilles (W)"]
[BlackTeam "Kosovo (W)"]
[WhiteTeamCountry "AHO"]
[BlackTeamCountry "KOS"]

1. d4 Nf6 2. Nf3 e6 3. e3 d5 4. b3 c5 5. Bb2 Nc6 6. Bd3 h6 7. Nbd2 Nb4 8. Be2 Be7 9. a3 Nc6 10. c4 0-0 11. 0-0 a5 12. Ne5 Nxe5 13. dxe5 Ne4 14. Nxe4 dxe4 15. a4 b6 16. Qc2 Bb7 17. f3 exf3 18. Bxf3 Qc7 19. Rad1 Rad8 20. Qe2 Rxd1 21. Rxd1 Bxf3 22. Qxf3 Rd8 23. Kf2 Rxd1 24. Qxd1 Qc6 25. Qd3 Bh4+ 26. g3 Be7 27. e4 Qe8 28. h3 Qc6 29. h4 h5 30. Kf3 g5 31. hxg5 1/2-1/2